Možnosti hospodárskej politiky pri formovaní znalostnej ekonomiky diplomová práca

Guardado en:
Detalles Bibliográficos
Autor principal: Hofierka, Peter
Autor Corporativo: Národohospodárska fakulta EU. Katedra hospodárskej politiky
Otros Autores: Blašková, Mária
Formato: Libro
Lenguaje:eslovaco
Publicado: Bratislava 2008
Etiquetas: Agregar Etiqueta
Sin Etiquetas, Sea el primero en etiquetar este registro!

MARC

LEADER 00000nam$a2200000$$$4500
001 0077621
005 20240201115702.3
041 0 |a slo 
044 |a SK 
245 1 0 |a Možnosti hospodárskej politiky pri formovaní znalostnej ekonomiky  |b diplomová práca  |c Peter Hofierka ; škol. Mária Blašková 
264 1 |a Bratislava  |c 2008 
300 |a 79 s. 
100 1 |a Hofierka, Peter 
700 1 |a Blašková, Mária 
710 2 |a Národohospodárska fakulta EU. Katedra hospodárskej politiky